The art of managing people / (Record no. 3120)

000 -LEADER
fixed length control field nam a22 a 4500
003 - CONTROL NUMBER IDENTIFIER
control field AKMAL
005 - DATE AND TIME OF LATEST TRANSACTION
control field 20170519115534.0
008 - FIXED-LENGTH DATA ELEMENTS--GENERAL INFORMATION
fixed length control field 170519s1980 nju 00 eng d
020 ## - INTERNATIONAL STANDARD BOOK NUMBER
International Standard Book Number 013047472X
020 ## - INTERNATIONAL STANDARD BOOK NUMBER
International Standard Book Number 0130474649 (pbk.)
040 ## - CATALOGING SOURCE
Transcribing agency AKMAL
050 00 - LIBRARY OF CONGRESS CALL NUMBER
Classification number HF5549
Item number .H876
082 04 - DEWEY DECIMAL CLASSIFICATION NUMBER
Classification number 658.3 HUN
090 ## - LOCALLY ASSIGNED LC-TYPE CALL NUMBER (OCLC); LOCAL CALL NUMBER (RLIN)
Classification number (OCLC) (R) ; Classification number, CALL (RLIN) (NR) 658.3
Local cutter number (OCLC) ; Book number/undivided call number, CALL (RLIN) HUN
100 1# - MAIN ENTRY--PERSONAL NAME
Personal name Hunsaker, Phillip L
9 (RLIN) 6461
245 14 - TITLE STATEMENT
Title The art of managing people /
Statement of responsibility, etc. Phillip L. Hunsaker, Anthony A. Alessandra
260 ## - PUBLICATION, DISTRIBUTION, ETC.
Place of publication, distribution, etc. Englewood Cliffs, N.J :
Name of publisher, distributor, etc. Prentice-Hall,
Date of publication, distribution, etc. 1980
263 ## - PROJECTED PUBLICATION DATE
Projected publication date 8008 8
300 00 - PHYSICAL DESCRIPTION
Extent 270p. ;
Dimensions 23cm
490 0# - SERIES STATEMENT
Series statement A Spectrum book
504 ## - BIBLIOGRAPHY, ETC. NOTE
Bibliography, etc. note Includes bibliographies and index
650 #0 - SUBJECT ADDED ENTRY--TOPICAL TERM
Topical term or geographic name entry element Personnel management
9 (RLIN) 602
700 1# - ADDED ENTRY--PERSONAL NAME
Personal name Alessandra, Anthony J.
9 (RLIN) 6462
942 ## - ADDED ENTRY ELEMENTS (KOHA)
Source of classification or shelving scheme
Koha item type Book
Holdings
Withdrawn status Lost status Source of classification or shelving scheme Damaged status Not for loan Collection code Home library Current library Shelving location Date acquired Inventory number Total Checkouts Full call number Barcode Date last seen Price effective from Koha item type
          NON-FICTION AKMAL Melaka AKMAL Melaka PINJAMAN 19.05.2017 600012   658.3 HUN 201704011 19.05.2017 19.05.2017 Book
Pusat Sumber Maklumat Dato' Haji Sarmin Md Hussin, Akademi Kastam Diraja Malaysia, Melaka
Tel: 06-2331106 | Faks: 06-2313787